000 00501nam a22001817a 4500
003 BUBTL
008 230808b ||||| |||| 00| 0 eng d
041 _aeng
082 _a345
245 _aThe Penal Code (Act XLV of 1860) /
_cGovernment of The People's Republic of Bangladesh
260 _aDhaka :
_bGovernment Printing Press,
_cc2014
300 _a218 p.
_c24 cm.
526 _aLaw
650 0 _926
_aLaw
856 _k0
_l0
_yDownload
942 _2ddc
_cBK
999 _c7073
_d7073